| 000 | 01498nam a22002897a 4500 | ||
|---|---|---|---|
| 005 | 20240530110605.0 | ||
| 008 | 161102s2014 ua g b 000 0 ara d | ||
| 017 |
_a2013/22431 _bمصر. دار الكتب |
||
| 020 | _a9789772767083 | ||
| 040 |
_aEG-CaGPL _cEG-CaGPL |
||
| 082 | 0 | 4 |
_221 _a327.16\ _bت ص |
| 100 | 0 | _aتامر ابراهيم كامل عبده هاشم | |
| 245 | 1 | 2 |
_aالصراع بين الولايات المتحدة و الصين و روسيا : _bدراسة حالة : اسيا الوسطى و بحر قزوين / _cاعداد تامر ابراهيم كامل عبده هاشم |
| 250 | _aط.1 | ||
| 260 | _c2014 . | ||
| 300 |
_a350 ص : _bايض ؛ _c24 سم . |
||
| 490 | 0 | _aالسياسية الدولية و الاستراتيجية | |
| 504 | _aيشتمل على ارجاعات بيليوجرافية | ||
| 650 | 0 | 7 |
_2qrmak _aالمنازعات الدولية |
| 650 | 0 | 7 |
_2qrmak _aالعدوان الدولى |
| 651 | 0 | 7 |
_2qrmak _aالولايات المتحدة الامريكية _xالعلاقات الخارجية _zالصين |
| 651 | 0 | 7 |
_2qrmak _aالولايات المتحدة الامريكية _xالمنازعات الدولية _zالصين |
| 651 | 0 | 7 |
_2qrmak _aالولايات المتحدة الامريكية _xالعلاقات الخارجية _zروسيا |
| 651 | 0 | 7 |
_2qrmak _aالولايات المتحدة الامريكية _xالمنازعات الدولية _zروسيا |
| 942 |
_2ddc _cBK |
||
| 999 |
_c62750 _d62750 |
||